000 01086 a2200181 4500
003 Nust
005 20230131133946.0
040 _cNust
082 _a940.546,FUL
100 _aFuller, J. F. C.
_937121
245 _aThe Second World War, 1939-45 :
_ba strategical and tactical history /
_cJ. F. C. Fuller.
260 _aNew York,
_bMeredith Press
_c [1968]
300 _a431 p. illus.,
_bmaps, plans. 22 cm.
505 _aBackground of the War (Page-17), German Initiative, Its Initial Successes and failure (Page-47), Change of the German Line of Operations (Page-90), Japanese Initiative Its Initial Successes and Failure (Page-127), Loss of German Initiative (Page-154), Loss of Japanese Initiative (Page-188), Establishment of Allied Initiative in the West (Page-220), Initiative of the Two Fronts (Page-260), Consummation of Allied Initiative in Europe (Page-321), Consummation of Allied Initiative in the Pacific (Page-365), Foreground of the War (Page-398).
600 _a by J. F. C. Fuller
_9108248
650 _aThe Second World War, 1939-45:
_9108249
942 _2ddc
_cBK
999 _c181407
_d181407